| 000 | 00794nam a2200217 4500 | ||
|---|---|---|---|
| 001 | 117557 | ||
| 003 | ES-MaACL | ||
| 005 | 20250822153248.0 | ||
| 007 | t| | ||
| 008 | 070214s1956 sp r ||||1| spa d | ||
| 100 | 1 |
_aPansier, Paul. _988818 |
|
| 245 | 1 | 0 |
_aBreve conspecto de la oftalmología árabe / _cpor el Dr. P. Pansier ; con un prólogo, notas y un apéndice por el Dr. J.M. Millás Vallicrosa. |
| 260 |
_aBarcelona : _bLaboratorios del Norte de España, _c1956. |
||
| 300 |
_a55 p. : _bil. ; _c22 cm. |
||
| 650 | 4 |
_aOftalmología. _915693 |
|
| 650 | 7 |
_aMedicina árabe _2embne _914919 |
|
| 700 | 1 |
_aMillás Vallicrosa, José María, _d1888-1970 _981191 |
|
| 710 | 2 |
_aLaboratorios del Norte de España. _95476 |
|
| 852 |
_aES-MaACL _j1994-F-22 |
||
| 999 |
_c117557 _d117557 |
||